<?xml version="1.0" encoding="UTF-8"?>
<record
    xmlns:xsi="http://www.w3.org/2001/XMLSchema-instance"
    xsi:schemaLocation="http://www.loc.gov/MARC21/slim http://www.loc.gov/standards/marcxml/schema/MARC21slim.xsd"
    xmlns="http://www.loc.gov/MARC21/slim">

  <leader>01186nam a22001337a 4500</leader>
  <datafield tag="999" ind1=" " ind2=" ">
    <subfield code="c">533148</subfield>
    <subfield code="d">533148</subfield>
  </datafield>
  <controlfield tag="008">260427b           ||||| |||| 00| 0 eng d</controlfield>
  <datafield tag="100" ind1=" " ind2=" ">
    <subfield code="a">Bedi, Supriya</subfield>
    <subfield code="9">60261</subfield>
  </datafield>
  <datafield tag="245" ind1=" " ind2=" ">
    <subfield code="a">Socio-economic determinants of common mental disorders among salt pan workers in Marakkanam, Tamil Nadu</subfield>
  </datafield>
  <datafield tag="260" ind1=" " ind2=" ">
    <subfield code="a">Economic &amp; Political Weekly  </subfield>
  </datafield>
  <datafield tag="300" ind1=" " ind2=" ">
    <subfield code="a">61(7), Feb 14, 2026: p.52-58</subfield>
  </datafield>
  <datafield tag="520" ind1=" " ind2=" ">
    <subfield code="a">Salt pan workers face harsh socio-economic conditions that markedly increase their vulnerability to psychological distress, which in turn exacerbates their risk of developing common mental health disorders. Based on a survey of salt pan workers in Marakkanam, Tamil Nadu, it is found that 75.4% of the workers exhibited symptoms of CMDs. The findings highlighted a stark disparity in CMD prevalence among different groups within the community, with marginalised groups, such as women and Scheduled Castes, experiencing a much higher incidence of CMD. Reducing the debt repayment obligation decreased the prevalence of CMD symptoms.-Reproduced 

https://www.epw.in/journal/2026/7/special-articles/socio-economic-determinants-common-mental.html
</subfield>
  </datafield>
  <datafield tag="773" ind1=" " ind2=" ">
    <subfield code="a">Economic &amp; Political Weekly  </subfield>
  </datafield>
  <datafield tag="942" ind1=" " ind2=" ">
    <subfield code="c">AR</subfield>
  </datafield>
  <datafield tag="952" ind1=" " ind2=" ">
    <subfield code="0">0</subfield>
    <subfield code="1">0</subfield>
    <subfield code="2">ddc</subfield>
    <subfield code="4">0</subfield>
    <subfield code="7">0</subfield>
    <subfield code="9">408319</subfield>
    <subfield code="a">IIPA</subfield>
    <subfield code="b">IIPA</subfield>
    <subfield code="d">2026-04-27</subfield>
    <subfield code="h">61(7), Feb 14, 2026: p.52-58</subfield>
    <subfield code="p">AR138659</subfield>
    <subfield code="r">2026-04-27</subfield>
    <subfield code="y">AR</subfield>
  </datafield>
</record>
